[Event "Erice op 1st"]
[Site "Erice"]
[Date "2010.08.01"]
[Round "7"]
[White "Di Via, Saverio"]
[Black "Ardizzone, Luigi"]
[Result "1-0"]
[WhiteElo "1740"]
[BlackElo "1562"]
[PlyCount "75"]
[EventDate "2010.07.28"]
[EventType "swiss"]
[EventRounds "7"]
[EventCountry "ITA"]
[SourceTitle "EXT 2024"]
[Source "ChessBase"]
[SourceDate "2023.10.10"]
[SourceVersion "1"]
[SourceVersionDate "2023.10.10"]
[SourceQuality "1"]

1. c3 c5 2. e4 Nc6 3. Nf3 d6 4. Bb5 Bd7 5. 0-0 g6 6. d4 cxd4 7. Nxd4 Bg7 8. Be3 Nf6 9. Nd2 0-0 10. Bd3 Ne5 11. Bc2 a6 12. f4 Neg4 13. Qe1 Nxe3 14. Qxe3 e5 15. N4f3 Ng4 16. Qe2 exf4 17. Bb3 Qb6+ 18. Kh1 Rae8 19. Ng5 Qc5 20. Nxf7 Rxf7 21. Bxf7+ Kxf7 22. Rxf4+ Kg8 23. Rxg4 Bxg4 24. Qxg4 Qe3 25. Rd1 Bh6 26. Qf3 Qb6 27. Nc4 Qd8 28. Nxd6 Rf8 29. Qd3 Qf6 30. Qd5+ Kh8 31. Qd4 Qxd4 32. cxd4 Bf4 33. e5 Kg7 34. Rf1 g5 35. g3 Be3 36. Rxf8 Kxf8 37. e6 Bxd4 38. e7+ 1-0

[Event "Erice op 1st"]
[Site "Erice"]
[Date "2010.07.30"]
[Round "3"]
[White "Di Via, Saverio"]
[Black "Puleo, Diego"]
[Result "0-1"]
[WhiteElo "1740"]
[BlackElo "1938"]
[PlyCount "76"]
[EventDate "2010.07.28"]
[EventType "swiss"]
[EventRounds "7"]
[EventCountry "ITA"]
[SourceTitle "EXT 2024"]
[Source "ChessBase"]
[SourceDate "2023.10.10"]
[SourceVersion "1"]
[SourceVersionDate "2023.10.10"]
[SourceQuality "1"]

1. c3 f5 2. d4 Nf6 3. Nf3 e6 4. Bf4 Be7 5. h3 b6 6. Nbd2 Bb7 7. Qc2 Ne4 8. e3 0-0 9. Bd3 d5 10. Ne5 Nd7 11. Ndf3 a6 12. Nxd7 Qxd7 13. Ne5 Qe8 14. f3 Bh4+ 15. Ke2 Nf2 16. Rhf1 Nxd3 17. Qxd3 c5 18. g4 Bf6 19. Rg1 a5 20. Kd2 Ba6 21. Qc2 Bxe5 22. Bxe5 Ra7 23. f4 Qc6 24. Rg2 Rff7 25. Rag1 c4 26. h4 b5 27. h5 b4 28. gxf5 exf5 29. Rg5 Bc8 30. Kc1 Qh6 31. Qa4 Bd7 32. Bxg7 Qxg5 33. Rxg5 Bxa4 34. h6 Rxg7 35. hxg7 Rxg7 36. Rxf5 Rg2 37. Rxd5 Rc2+ 38. Kb1 Rd2 0-1

[Event "Sicilia Regional-ch"]
[Site "Erice"]
[Date "2009.05.31"]
[Round "3"]
[White "Di Via, Saverio"]
[Black "Lo Piccolo, Antonino"]
[Result "0-1"]
[WhiteElo "1740"]
[BlackElo "1680"]
[PlyCount "88"]
[EventDate "2009.05.30"]
[EventType "swiss"]
[EventRounds "7"]
[EventCountry "ITA"]
[SourceTitle "EXT 2011"]
[Source "ChessBase"]
[SourceDate "2010.11.26"]
[SourceVersion "1"]
[SourceVersionDate "2010.11.26"]
[SourceQuality "1"]

1. e4 e5 2. Nf3 Nc6 3. c3 d5 4. Qa4 Qd6 5. d4 Bd7 6. Qc2 0-0-0 7. Be2 dxe4 8. Qxe4 Nf6 9. dxe5 Nxe4 10. exd6 Bxd6 11. Be3 Rhe8 12. Nbd2 Nxd2 13. Kxd2 Bf5 14. Bc4 Ne5 15. Nxe5 Rxe5 16. Rae1 Bg6 17. Kc1 Rde8 18. g3 b5 19. Bb3 Bc5 20. Kd2 Rd8+ 21. Kc1 Rd3 22. Bxc5 Rxc5 23. Bc2 Rf3 24. Bxg6 hxg6 25. Re2 b4 26. Kd2 bxc3+ 27. bxc3 Rcxc3 28. Rb1 Ra3 29. Rb2 Kd7 30. Ke1 Rf6 31. Red2+ Rd6 32. Re2 Rad3 33. Kf1 Rd1+ 34. Kg2 a5 35. Re3 R1d3 36. Re4 R3d4 37. Re5 R6d5 38. Re3 c5 39. Ra3 c4 40. Kf3 Kd6 41. Ke3 f5 42. f3 g5 43. Ra4 f4+ 44. Ke2 Rc5 0-1